• 首页
  • 本馆介绍
  • 公告通知
  • 最新文献
  • 馆藏检索
  • 电子资源
  • 读者导购
  • 参考咨询
  • 我的图书馆
  • 登录
  • 详细信息显示
  • 放入我的书架
  • 预约/预借图书
  • 作者相关作品
  • 分类相关作品
  • 丛书相关作品
  • 出版社相关作品

书目信息

  • 表格格式
  • 工作单格式
  • 卡片格式
题名:
中国哲学史教学资料选辑
    
 
作者: ;北京大学哲学系中国哲学史教研室选 注
分册: 下册  
出版信息: 北京   中华书局  1982.02
页数: 582页
开本: 20cm
丛书名:
单 册:
中图分类: B2
科图分类:
主题词: 哲学--中国
电子资源:
ISBN:
000 00657nam0 2200193 45
001 0312010923
005 20060812095225.12
010    @dCNY2.05
091    @ak2018.186
100    @a20031201d1982 km y0chiy0120 ea
101 0  @achi
200 1  @a中国哲学史教学资料选辑@h下册@AZhong Guo Zhe Xue Shi Jiao Xue Zi Liao Xuan Ji@f北京大学哲学系中国哲学史教研室选注@FBei Jing Da Xue Zhe Xue Xi Zhong Guo Zhe Xue Shi Jiao Yan Shi Xuan Zhu
210    @a北京@c中华书局@d1982.02
215    @a582页@d20cm
606 0  @a哲学@x中国
690    @aB2@v3
711 02 @a北京大学哲学系中国哲学史教研室选@4注
801    @aCN@bTSTC@c20060812
905    @dB2@e10:2@f2@b70677-678@b85362@f1
    
    中国哲学史教学资料选辑.下册/北京大学哲学系中国哲学史教研室选注.-北京:中华书局,1982.02
    582页;20cm
    
    
    ISBN :CNY2.05
    
●
相关链接 在E读中查询图书 在五车中查询图书 在当当中查询图书 在豆瓣中查询图书


正题名:中国哲学史教学资料选辑     索取号:B2/10:2         预约/预借

序号 登录号 条形码 馆藏地/架位号 状态 备注
1 0070675   001600574   密集书库/ [索取号:B2/10:2] 在馆    
2 0070676   001600645   密集书库/ [索取号:B2/10:2] 在馆    
3 0070677   001123830   密集书库/ [索取号:B2/10:2] 在馆    
4 0070678   001145610   第一借阅区/ [索取号:B2/10:2] 在馆    
5 0070679   001529965   密集书库/ [索取号:B2/10:2] 在馆    
6 0085360   001600226   密集书库/ [索取号:B2/10:2] 在馆    
7 0085361   001530007   密集书库/ [索取号:B2/10:2] 在馆    
8 0085362   001145647   第一样本阅览室/ [索取号:B2/10:2] 在馆    
9 0425013   204250130   密集书库/ [索取号:B2/10:2] 在馆    
10 0425019   204250194   密集书库/ [索取号:B2/10:2] 在馆    
11 0425375   204253752   密集书库/ [索取号:B2/10:2] 在馆    
12 0425644   204256447   密集书库/ [索取号:B2/10:2] 在馆    
13 0425645   204256456   密集书库/ [索取号:B2/10:2] 在馆    
14 0440029   204400291   密集书库/ [索取号:B2/10:2] 在馆    
15 0448608   204486083   密集书库/ [索取号:B2/10:2] 在馆    
16 0449010   204490103   密集书库/ [索取号:B2/10:2] 在馆    
17 0449150   204491503   密集书库/ [索取号:B2/10:2] 在馆    
18 0460558   204605588   密集书库/ [索取号:B2/10:2] 在馆    
唐山师范学院图书馆 欢迎您!
大连网信软件有限公司© 版权所有